ゲームキャッチコピーからタイトル - Statistics

General Stats
  • This quiz has been taken 61 times
  • The average score is 5 of 15
Answer Stats
キャッチコピー Answer % Correct
世界を塗りかえなイカ!? Splatoon
91%
孤独な人に味方できる唯一の職業 弁護士 逆転裁判
67%
探して、運んで、戦って。 ピクミン
53%
誰も死ななくていいやさしいRPG Undertale
44%
大陸横断。世界をまたぐレースが開幕! マリオカート ワールド
40%
いつでも どこでも 誰でも ノリノリ♪ リズム天国
31%
エンディングまで泣くんじゃない MOTHER
31%
俺より強い奴に会いに行く。 ☆ ストリートファイターII
29%
そして、勇者は悪魔の子と呼ばれた ☆ ドラゴンクエストⅪ
25%
そこを歩く、という恐怖。 バイオハザード
18%
なくしたもの思い出しゲーム ぼくのなつやすみ
13%
伝説の男と100億の少女 龍が如く
7%
命もないのに、殺しあう NieR:Automata
5%
一つ一つの戦いに、感動がある! 大乱闘スマッシュブラザーズ
2%
はじめてなのに、なつかしい そんな旅に出会えるの ☆ ポケットモンスター金/銀
2%
No matching quizzes found
Score Distribution
Percent of People with Each Score
Percentile by Number Answered
Your Score History
You have not taken this quiz